[Event "Pune Rapid op 12th"]
[Site "Pune"]
[Date "2024.05.23"]
[Round "7"]
[White "Neelash, Saha"]
[Black "Soham, Datar"]
[Result "1-0"]
[WhiteElo "2371"]
[BlackElo "2042"]
[PlyCount "135"]
[EventDate "2024.05.23"]
[EventType "swiss (rapid)"]
[EventRounds "9"]
[EventCountry "IND"]
[SourceTitle "CB22_2024"]
[SourceDate "2024.05.29"]
[SourceVersion "1"]
[SourceVersionDate "2024.05.29"]
[SourceQuality "1"]

1. d4 Nf6 2. c4 e6 3. Nf3 d5 4. Nc3 Be7 5. Bf4 a6 6. e3 0-0 7. h3 Nbd7 8. c5 a5 9. a3 c6 10. Bd3 Re8 11. 0-0 Bf8 12. Bh2 b6 13. b4 Ba6 14. Bxa6 Rxa6 15. b5 cxb5 16. c6 b4 17. Nb5 bxa3 18. cxd7 Qxd7 19. Nc7 Raa8 20. Qd3 Rec8 21. Nxa8 Rxa8 22. Ne5 Qa4 23. Rfb1 Bb4 24. Qb3 Qxb3 25. Rxb3 Ne4 26. Nc6 Nd2 27. Rbxa3 Bxa3 28. Rxa3 f6 29. Ra2 Nc4 30. Kf1 Kf7 31. Ke2 Ke8 32. Nb4 Kd7 33. Nd3 Kc6 34. f3 b5 35. Bg3 Re8 36. Nb2 a4 37. Nxc4 dxc4 38. Be1 e5 39. dxe5 Rxe5 40. Bb4 Rg5 41. g4 h5 42. e4 hxg4 43. hxg4 Re5 44. Rd2 Re6 45. Ke3 Kc7 46. Rd5 Kb6 47. Kd4 Re8 48. Rd6+ Kc7 49. Kc5 c3 50. Bxc3 a3 51. Ra6 Rh8 52. Ra7+ Kb8 53. Rxa3 Rh3 54. Kxb5 Kb7 55. Bd4 Rh1 56. Ra7+ Kc8 57. Rxg7 Rf1 58. Kc6 Kd8 59. Kd6 Ke8 60. Ke6 Kf8 61. Rf7+ Kg8 62. Rxf6 Rb1 63. g5 Rb7 64. g6 Rc7 65. Kf5 Rd7 66. Be5 Rd3 67. f4 Rh3 68. Rb6 1-0

[Event "Pune Blitz op 13th"]
[Site "Pune"]
[Date "2024.05.22"]
[Round "8"]
[White "Soham, Datar"]
[Black "Sharnarthi, Shlok"]
[Result "0-1"]
[WhiteElo "2085"]
[BlackElo "1894"]
[PlyCount "64"]
[EventDate "2024.05.22"]
[EventType "swiss (blitz)"]
[EventRounds "9"]
[EventCountry "IND"]
[SourceTitle "CB22_2024"]
[SourceDate "2024.05.29"]
[SourceVersion "1"]
[SourceVersionDate "2024.05.29"]
[SourceQuality "1"]

1. Nf3 Nf6 2. b3 g6 3. Bb2 Bg7 4. e3 0-0 5. Be2 c5 6. c4 d6 7. 0-0 e5 8. d4 exd4 9. exd4 Ne4 10. Nbd2 Bf5 11. Nxe4 Bxe4 12. Qd2 Nc6 13. d5 Bxb2 14. Qxb2 Bxf3 15. Bxf3 Nd4 16. Bd1 Qf6 17. Rb1 Rae8 18. Qd2 Re7 19. b4 b6 20. a4 h5 21. a5 h4 22. h3 Rfe8 23. axb6 axb6 24. bxc5 bxc5 25. Rb6 Kg7 26. Qa5 Qf4 27. Rb1 Re5 28. Ba4 R8e7 29. Rfe1 Ne2+ 30. Kf1 Qh2 31. f3 Nf4 32. Kf2 Qxg2# 0-1

[Event "Titled Tuesday intern op 30th Apr Early"]
[Site "Chess.com INT"]
[Date "2024.04.30"]
[Round "6"]
[White "Kim, Sergey2"]
[Black "Soham, Datar"]
[Result "1-0"]
[WhiteElo "2295"]
[BlackElo "2188"]
[PlyCount "99"]
[EventDate "2024.04.30"]
[EventType "swiss (blitz)"]
[EventRounds "11"]
[EventCountry "USA"]
[SourceTitle "CB19_2024"]
[SourceDate "2024.05.08"]
[SourceVersion "1"]
[SourceVersionDate "2024.05.08"]
[SourceQuality "1"]

1. d4 Nf6 2. c4 e6 3. Nc3 Bb4 4. Qc2 0-0 5. a3 Bxc3+ 6. Qxc3 d5 7. Nf3 dxc4 8. Qxc4 b6 9. Bf4 Nd5 10. Bg5 Qd6 11. e4 Ba6 12. Qc2 Bxf1 13. Kxf1 Ne7 14. g3 f5 15. Bxe7 Qxe7 16. e5 f4 17. Qe4 Nd7 18. Kg2 Rf5 19. g4 Rff8 20. h4 c5 21. Ng5 f3+ 22. Kg3 g6 23. d5 exd5 24. Qxd5+ Kh8 25. Rhe1 Rae8 26. e6 Nf6 27. Qe5 Kg8 28. Rad1 Qg7 29. Nf7 Re7 30. Qd6 Rfe8 31. Ng5 h6 32. Nxf3 h5 33. gxh5 Nxh5+ 34. Kg2 Qf6 35. Ng5 Rf8 36. Rd2 Nf4+ 37. Kh2 Qf5 38. Re3 Rh7 39. Kg1 Rxh4 40. Rg3 Rg4 41. e7 Rxg3+ 42. fxg3 Nh3+ 43. Nxh3 Qf1+ 44. Kh2 Re8 45. Qxg6+ Kh8 46. Qxe8+ Kg7 47. Qf8+ Kg6 48. Qxf1 Kh7 49. Qf7+ Kh6 50. Rd6# 1-0

[Event "Titled Tuesday intern op 17th Jan Early"]
[Site "Chess.com INT"]
[Date "2023.01.17"]
[Round "3"]
[White "Jumanov, Elbek"]
[Black "Soham, Datar"]
[Result "1-0"]
[WhiteElo "2155"]
[BlackElo "2222"]
[PlyCount "63"]
[EventDate "2023.01.17"]
[EventType "swiss (blitz)"]
[EventRounds "11"]
[EventCountry "USA"]
[SourceTitle "CBM 212 Extra"]
[Source "ChessBase"]
[SourceDate "2023.03.31"]
[SourceVersion "1"]
[SourceVersionDate "2023.03.31"]
[SourceQuality "1"]

1. c4 Nf6 2. Nf3 c5 3. Nc3 Nc6 4. d4 cxd4 5. Nxd4 g6 6. g3 Bg7 7. Bg2 Nxd4 8. Qxd4 0-0 9. 0-0 d6 10. Qd2 Be6 11. b3 Qc7 12. Bb2 a6 13. Rac1 Qa5 14. Rfd1 Rfe8 15. Bxb7 Rad8 16. Nd5 Qxd2 17. Nxf6+ Bxf6 18. Rxd2 Bxb2 19. Rxb2 d5 20. Bxa6 dxc4 21. Bxc4 Bxc4 22. Rxc4 Rd6 23. a4 Red8 24. b4 Rd1+ 25. Kg2 Ra1 26. b5 Rdd1 27. b6 h5 28. b7 h4 29. b8Q+ Kg7 30. Rxh4 Rg1+ 31. Kh3 Ra3 32. Qh8# 1-0

[Event "Titled Tuesday intern op 17th Jan Early"]
[Site "Chess.com INT"]
[Date "2023.01.17"]
[Round "10"]
[White "Nikulina, Alena"]
[Black "Soham, Datar"]
[Result "0-1"]
[WhiteElo "1857"]
[BlackElo "2222"]
[PlyCount "56"]
[EventDate "2023.01.17"]
[EventType "swiss (blitz)"]
[EventRounds "11"]
[EventCountry "USA"]
[SourceTitle "CBM 212 Extra"]
[Source "ChessBase"]
[SourceDate "2023.03.31"]
[SourceVersion "1"]
[SourceVersionDate "2023.03.31"]
[SourceQuality "1"]

1. e4 c5 2. Nf3 d6 3. c3 Nf6 4. h3 g6 5. Bd3 Bg7 6. Bc2 Nbd7 7. 0-0 0-0 8. d4 Qc7 9. Re1 b6 10. Bg5 h6 11. Bh4 Bb7 12. Na3 a6 13. Rc1 Rfe8 14. Bg3 Nh5 15. e5 Nxg3 16. fxg3 dxe5 17. dxe5 Nxe5 18. Nxe5 Bxe5 19. Bb3 e6 20. Qg4 Bxg3 21. Nc4 Bxe1 22. Rxe1 Bd5 23. Ne5 Kg7 24. Nf3 Bxf3 25. gxf3 Rad8 26. Bc2 Rd2 27. Be4 Qh2+ 28. Kf1 Qf2# 0-1

[Event "Titled Tuesday intern op 17th Jan Early"]
[Site "Chess.com INT"]
[Date "2023.01.17"]
[Round "7"]
[White "Soham, Datar"]
[Black "Vovk, Orest"]
[Result "1-0"]
[WhiteElo "2222"]
[BlackElo "2315"]
[PlyCount "107"]
[EventDate "2023.01.17"]
[EventType "swiss (blitz)"]
[EventRounds "11"]
[EventCountry "USA"]
[SourceTitle "CBM 212 Extra"]
[Source "ChessBase"]
[SourceDate "2023.03.31"]
[SourceVersion "1"]
[SourceVersionDate "2023.03.31"]
[SourceQuality "1"]

1. e4 g5 2. d4 g4 3. Qxg4 d5 4. Qd1 dxe4 5. Nc3 Nf6 6. Bg5 Nbd7 7. g3 h6 8. Bf4 c6 9. Bg2 Qb6 10. Rb1 Bg7 11. Nge2 Nd5 12. Nxe4 Nxf4 13. Nxf4 Qxd4 14. Qe2 Ne5 15. Nh5 0-0 16. Nxg7 Kxg7 17. 0-0 Bg4 18. Qe3 Qxe3 19. fxe3 Rad8 20. h3 Bh5 21. b3 Bg6 22. Rbd1 Bxe4 23. Bxe4 Rd6 24. Rd4 Rfd8 25. Rfd1 a5 26. Kf2 b6 27. g4 c5 28. Rd5 Rxd5 29. Rxd5 Rxd5 30. Bxd5 e6 31. Be4 Kf6 32. Kg3 Ke7 33. Kf4 f6 34. h4 Nf7 35. Bg6 Nd6 36. Bd3 e5+ 37. Kf3 Ke6 38. Bh7 Kd5 39. Bg8+ Kc6 40. a4 b5 41. axb5+ Kxb5 42. g5 fxg5 43. hxg5 hxg5 44. Kg4 c4 45. Kxg5 c3 46. Kf6 e4 47. Ke5 Kc5 48. Bd5 Nb5 49. Bxe4 Kb4 50. Bd3 Na7 51. Kd6 Nc8+ 52. Kd7 Nb6+ 53. Kc6 Nc8 54. e4 1-0

[Event "Suwalki Warakomska Memorial 6th"]
[Site "Suwalki"]
[Date "2022.08.05"]
[Round "3"]
[White "Soham, Datar"]
[Black "Lapshun, Yury"]
[Result "1-0"]
[WhiteElo "2113"]
[BlackElo "2382"]
[PlyCount "95"]
[EventDate "2022.08.03"]
[EventType "swiss"]
[EventRounds "9"]
[EventCountry "POL"]
[SourceTitle "CBM 209 Extra"]
[Source "ChessBase"]
[SourceDate "2022.09.30"]
[SourceVersion "1"]
[SourceVersionDate "2022.09.30"]
[SourceQuality "1"]

1. e4 e5 2. Nf3 Nc6 3. Bb5 Nd4 4. Bc4 Nxf3+ 5. Qxf3 Qf6 6. Nc3 c6 7. d3 Bb4 8. Bd2 Ne7 9. Qxf6 gxf6 10. f4 d6 11. fxe5 fxe5 12. 0-0 Be6 13. Bxe6 fxe6 14. Rf6 Kd7 15. Raf1 Rag8 16. Rf7 Bc5+ 17. Kh1 d5 18. Be1 Ke8 19. R7f6 Rg6 20. Bg3 Rhg8 21. Bxe5 Rxg2 22. d4 Bb4 23. Rxe6 Rxc2 24. exd5 Rg6 25. Ne4 cxd5 26. Nf6+ Kf7 27. Nxh7+ Nf5 28. Rf6+ Rxf6 29. Nxf6 Ne3 30. Rb1 Bd2 31. h4 Rc6 32. Nh7 Kg6 33. Ng5 Kf5 34. Rg1 Rc2 35. Nf7 Ke4 36. Nd6+ Kf3 37. h5 Nc4 38. Rg3+ Kf2 39. Rg2+ Kf3 40. Nxc4 dxc4 41. Rxd2 Rxd2 42. h6 Rxb2 43. h7 c3 44. h8Q c2 45. Qh3+ Ke4 46. Qg2+ Kd3 47. Qf3+ Kc4 48. Bf4 1-0

[Event "Suwalki Warakomska Memorial 6th"]
[Site "Suwalki"]
[Date "2022.08.03"]
[Round "1"]
[White "Soham, Datar"]
[Black "Chojnacki, Krzysztof"]
[Result "0-1"]
[WhiteElo "2113"]
[BlackElo "2325"]
[PlyCount "154"]
[EventDate "2022.08.03"]
[EventType "swiss"]
[EventRounds "9"]
[EventCountry "POL"]
[SourceTitle "CBM 209 Extra"]
[Source "ChessBase"]
[SourceDate "2022.09.30"]
[SourceVersion "1"]
[SourceVersionDate "2022.09.30"]
[SourceQuality "1"]

1. e4 e5 2. Nf3 Nc6 3. Bb5 a6 4. Ba4 Nf6 5. 0-0 Be7 6. Re1 b5 7. Bb3 d6 8. c3 0-0 9. h3 Nb8 10. d4 Nbd7 11. Nbd2 Bb7 12. Bc2 Re8 13. Nf1 Bf8 14. Ng3 g6 15. b3 Bg7 16. d5 Rc8 17. c4 bxc4 18. bxc4 c6 19. Rb1 Qc7 20. Bd3 Nc5 21. Bf1 Rb8 22. Be3 cxd5 23. cxd5 Qa5 24. Nd2 h5 25. Nc4 Qc7 26. f3 h4 27. Nh1 Nh5 28. Qd2 Bf6 29. Rec1 Be7 30. Qa5 Qxa5 31. Nxa5 Ba8 32. Nf2 Ng3 33. Bc4 Kg7 34. Kh2 Rxb1 35. Rxb1 Rc8 36. Rc1 Rc7 37. Bxc5 Rxc5 38. Nb3 Rc7 39. f4 exf4 40. a4 f5 41. Nd4 Kh6 42. Nc6 fxe4 43. Bxa6 Kg7 44. Bb5 Bf6 45. Rc4 Nf1+ 46. Kg1 Ne3 47. Rc1 Nxd5 48. Nxe4 Ne7 49. Nxd6 Kf8 50. Rc4 Bxc6 51. Rxf4 Nd5 52. Rc4 Bxb5 53. Rxc7 Nxc7 54. axb5 Ke7 55. Ne4 Nxb5 56. Kf2 Ke6 57. Kf3 Kf5 58. g4+ Ke5 59. Nc5 Nd4+ 60. Kg2 Be7 61. Nd3+ Ke4 62. Nf2+ Ke3 63. Nd1+ Kd2 64. Nf2 Ke2 65. Ne4 g5 66. Nc3+ Ke1 67. Nd5 Bd8 68. Nc3 Ne2 69. Ne4 Nf4+ 70. Kh2 Be7 71. Nc3 Ne2 72. Ne4 Kf1 73. Nd2+ Kf2 74. Nc4 Ng3 75. Ne5 Nf1+ 76. Kh1 Kg3 77. Nf3 Kxf3 0-1

[Event "Pardubice Czech op-A 33rd"]
[Site "Pardubice"]
[Date "2022.07.29"]
[Round "8"]
[White "Vojta, Jakub"]
[Black "Soham, Datar"]
[Result "0-1"]
[WhiteElo "2326"]
[BlackElo "2111"]
[PlyCount "88"]
[EventDate "2022.07.22"]
[EventType "swiss"]
[EventRounds "9"]
[EventCountry "CZE"]
[SourceTitle "CBM 209 Extra"]
[Source "ChessBase"]
[SourceDate "2022.09.30"]
[SourceVersion "1"]
[SourceVersionDate "2022.09.30"]
[SourceQuality "1"]

1. e4 c5 2. c3 d6 3. d4 Nf6 4. dxc5 Nc6 5. f3 d5 6. exd5 Nxd5 7. Bc4 e6 8. Bxd5 exd5 9. Be3 Be7 10. Ne2 0-0 11. 0-0 Re8 12. Bd4 Nxd4 13. cxd4 b6 14. cxb6 Qxb6 15. Qd2 Ba6 16. Nbc3 Bxe2 17. Nxe2 Bg5 18. Qxg5 Rxe2 19. Qxd5 Rd8 20. Qb3 Qxd4+ 21. Kh1 Qf6 22. Rad1 Rde8 23. Qb7 a5 24. b4 Qb2 25. Rg1 axb4 26. Qb6 Qa3 27. Rd8 h6 28. Rxe8+ Rxe8 29. Qb5 Re6 30. Qb8+ Kh7 31. Qf4 Re7 32. Qd6 Rb7 33. Qd5 Ra7 34. Qd4 Ra4 35. Qe4+ g6 36. h3 Qxa2 37. Qb7 Qb3 38. Re1 Ra2 39. Re7 Qd1+ 40. Kh2 Qd6+ 41. Kg1 Qd4+ 42. Kh2 Qf4+ 43. Kg1 Ra1+ 44. Kf2 Qh4+ 0-1

[Event "Pardubice Czech op-A 33rd"]
[Site "Pardubice"]
[Date "2022.07.27"]
[Round "6"]
[White "Sarkar, Justin"]
[Black "Soham, Datar"]
[Result "1-0"]
[WhiteElo "2346"]
[BlackElo "2111"]
[PlyCount "139"]
[EventDate "2022.07.22"]
[EventType "swiss"]
[EventRounds "9"]
[EventCountry "CZE"]
[SourceTitle "CBM 209 Extra"]
[Source "ChessBase"]
[SourceDate "2022.09.30"]
[SourceVersion "1"]
[SourceVersionDate "2022.09.30"]
[SourceQuality "1"]

1. e4 c5 2. Nc3 a6 3. g3 g6 4. Bg2 Bg7 5. d3 Nc6 6. Be3 Nd4 7. Qd2 e6 8. Nd1 d6 9. c3 Nc6 10. d4 cxd4 11. cxd4 Nge7 12. Ne2 d5 13. Bh6 Bxh6 14. Qxh6 dxe4 15. Bxe4 e5 16. dxe5 Bf5 17. Ndc3 Bxe4 18. Nxe4 Nf5 19. Qf4 Qa5+ 20. N2c3 Qxe5 21. Qxe5+ Nxe5 22. 0-0-0 0-0 23. Rd5 Nc6 24. Rhd1 Rfd8 25. Nc5 Rxd5 26. Nxd5 Nfd4 27. Nxb7 Rb8 28. Nc5 Rb5 29. Ne4 Kg7 30. Nec3 Rb7 31. h4 h5 32. Re1 Nf3 33. Re8 Nfe5 34. Rc8 Nd4 35. b3 Ng4 36. Kd2 Rd7 37. Rc4 Nf3+ 38. Ke2 Ng1+ 39. Kf1 Nf3 40. Rf4 Nfe5 41. f3 Nxf3 42. Rxf3 Nh2+ 43. Kg2 Nxf3 44. Kxf3 f6 45. b4 g5 46. a4 Kf7 47. a5 Ke6 48. b5 axb5 49. a6 Ke5 50. Nb4 Kd4 51. a7 Rxa7 52. Nxb5+ Kc5 53. Nxa7 Kxb4 54. Ke4 Kc5 55. Kf5 gxh4 56. gxh4 Kd4 57. Kxf6 Ke4 58. Kg5 Ke5 59. Nb5 Ke6 60. Nd4+ Kf7 61. Kxh5 Kf6 62. Kh6 Kf7 63. Kg5 Kg7 64. h5 Kh7 65. h6 Kh8 66. Kg6 Kg8 67. Nf5 Kh8 68. Nd6 Kg8 69. h7+ Kh8 70. Nf7# 1-0

[Event "Pardubice Czech op-A 33rd"]
[Site "Pardubice"]
[Date "2022.07.23"]
[Round "2"]
[White "Soham, Datar"]
[Black "Simek, Petr1111"]
[Result "1-0"]
[WhiteElo "2111"]
[BlackElo "2348"]
[PlyCount "107"]
[EventDate "2022.07.22"]
[EventType "swiss"]
[EventRounds "9"]
[EventCountry "CZE"]
[SourceTitle "CBM 209 Extra"]
[Source "ChessBase"]
[SourceDate "2022.09.30"]
[SourceVersion "1"]
[SourceVersionDate "2022.09.30"]
[SourceQuality "1"]

1. e4 e5 2. Nf3 Nc6 3. Bb5 a6 4. Ba4 Nf6 5. 0-0 b5 6. Bb3 Bc5 7. c3 d6 8. d4 Bb6 9. Be3 0-0 10. Nbd2 h6 11. h3 Re8 12. Bc2 exd4 13. cxd4 Nb4 14. Bb1 c5 15. d5 a5 16. a3 Na6 17. b3 Bd7 18. Re1 Rc8 19. Bd3 a4 20. bxa4 c4 21. Bc2 bxa4 22. Rb1 Bxe3 23. Rxe3 Qa5 24. Nd4 c3 25. Nf1 Rc7 26. Ng3 Qc5 27. Qd3 Qc4 28. Qd1 Nc5 29. Rb4 Qa2 30. Rxc3 Rec8 31. Ndf5 Na6 32. Bb1 Qa1 33. Rxc7 Rxc7 34. Rb6 Qxa3 35. Ne7+ Kf8 36. Nc6 Nc5 37. Kh2 Rb7 38. Rxb7 Nxb7 39. Bc2 Nc5 40. Qd4 Qa2 41. Nb4 Qa3 42. e5 Nb3 43. Qb6 dxe5 44. Qd6+ Kg8 45. Qb8+ Be8 46. Ne4 Kf8 47. Nxf6 gxf6 48. Bf5 Kg7 49. Nc2 Qc1 50. Ne3 Nd4 51. Bg4 a3 52. Qxe8 Qc7 53. Bh5 e4+ 54. g3 1-0

[Event "Piestany Augustus Cup"]
[Site "Piestany"]
[Date "2022.07.15"]
[Round "5"]
[White "Stefansson, Vignir Vatnar"]
[Black "Soham, Datar"]
[Result "1/2-1/2"]
[WhiteElo "2291"]
[BlackElo "1888"]
[PlyCount "115"]
[EventDate "2022.07.15"]
[EventType "swiss (rapid)"]
[EventRounds "7"]
[EventCountry "SVK"]
[SourceTitle "CBM 209 Extra"]
[Source "ChessBase"]
[SourceDate "2022.09.30"]
[SourceVersion "1"]
[SourceVersionDate "2022.09.30"]
[SourceQuality "1"]

1. d4 d5 2. c4 c6 3. cxd5 cxd5 4. Bf4 Nc6 5. e3 Nf6 6. Nc3 Bf5 7. Nf3 e6 8. Qb3 Bb4 9. Bb5 0-0 10. 0-0 Bxc3 11. Qxc3 Ne4 12. Qa3 g5 13. Bg3 Nxg3 14. hxg3 Na5 15. Rac1 a6 16. Be2 f6 17. Rc5 Nc6 18. Rfc1 Qd7 19. Qb3 Rfc8 20. Ne1 Na5 21. Qb6 Rxc5 22. Rxc5 Nc6 23. Bd3 Bxd3 24. Nxd3 Rc8 25. Rc3 Qc7 26. Qb3 Qe7 27. Nc5 Nd8 28. a4 Kf7 29. Nxb7 Rxc3 30. Nxd8+ Qxd8 31. Qxc3 a5 32. Qc6 Qe7 33. Qb6 Qd7 34. Qxa5 Qc6 35. Qb5 Qc1+ 36. Kh2 Qe1 37. Qd7+ Kg6 38. Qxe6 Qxf2 39. Qxd5 Qxe3 40. b4 h5 41. a5 h4 42. gxh4 Qf4+ 43. g3 Qd2+ 44. Kh3 Qe2 45. Qg2 Qe6+ 46. Kh2 gxh4 47. gxh4+ Kh5 48. Qf3+ Kh6 49. b5 Qd6+ 50. Kg2 Qxd4 51. a6 Qd2+ 52. Kh3 Qd7+ 53. Kg3 Qxb5 54. Qxf6+ Kh7 55. Qe7+ Kh8 56. a7 Qb3+ 57. Kf4 Qf7+ 58. Qxf7 1/2-1/2

[Event "New Delhi Parsvnath op-A 18th"]
[Site "New Delhi"]
[Date "2020.01.13"]
[Round "7"]
[White "Vignesh, NR."]
[Black "Soham, Datar"]
[Result "1/2-1/2"]
[WhiteElo "2472"]
[BlackElo "2145"]
[PlyCount "60"]
[EventDate "2020.01.09"]
[EventType "swiss"]
[EventRounds "10"]
[EventCountry "IND"]
[SourceTitle "CBM 194 Extra"]
[Source "ChessBase"]
[SourceDate "2020.03.31"]
[SourceVersion "1"]
[SourceVersionDate "2020.03.31"]
[SourceQuality "1"]

1. e4 c5 2. Nf3 d6 3. d4 cxd4 4. Nxd4 Nf6 5. Nc3 a6 6. h3 g6 7. g4 Bg7 8. Be3 0-0 9. g5 Nh5 10. Qd2 Nc6 11. Nb3 b5 12. 0-0-0 Be6 13. Be2 Rb8 14. Bxh5 gxh5 15. Nd5 a5 16. Kb1 a4 17. Nc1 Ne5 18. Qe2 Nc4 19. Bd4 Bxd5 20. Bxg7 Kxg7 21. exd5 Qc7 22. Rhe1 Rfc8 23. Qxe7 Na3+ 24. bxa3 Qxc2+ 25. Ka1 Qc3+ 26. Kb1 Qc2+ 27. Ka1 Qc3+ 28. Kb1 Qc2+ 29. Ka1 Qc3+ 30. Kb1 Qc2+ 1/2-1/2

[Event "Mumbai Wealth op 5th"]
[Site "Mumbai"]
[Date "2020.01.03"]
[Round "5"]
[White "Soham, Datar"]
[Black "Saurabh, Anand"]
[Result "1/2-1/2"]
[WhiteElo "2145"]
[BlackElo "2269"]
[PlyCount "323"]
[EventDate "2019.12.30"]
[EventType "swiss"]
[EventRounds "9"]
[EventCountry "IND"]
[SourceTitle "CBM 194 Extra"]
[Source "ChessBase"]
[SourceDate "2020.03.31"]
[SourceVersion "1"]
[SourceVersionDate "2020.03.31"]
[SourceQuality "1"]

1. c4 e6 2. Nc3 d5 3. cxd5 exd5 4. d4 Be7 5. Bf4 c6 6. e3 Bf5 7. Bd3 Bxd3 8. Qxd3 Nf6 9. Qd1 Ng8 10. Qd3 Nf6 11. Qd1 Ng8 12. Qd3 Nf6 13. h3 0-0 14. Nf3 Bd6 15. Bxd6 Qxd6 16. 0-0 Nbd7 17. Rab1 Nb8 18. Ra1 Nbd7 19. Rab1 a5 20. a3 Rfe8 21. Qc2 Rf8 22. Qd3 Rfe8 23. Qc2 g6 24. Rfc1 Nh5 25. Rf1 Nhf6 26. Rfc1 Nh5 27. Rf1 Nhf6 28. Rfc1 Nh5 29. Na4 Nhf6 30. Nc3 Nh5 31. Na4 f5 32. Nc5 Nxc5 33. Qxc5 Qxc5 34. Rc2 Qc4 35. Rxc4 f4 36. Rc3 Rf8 37. Kf1 Rfe8 38. Kg1 Rf8 39. Kf1 Rfe8 40. Kg1 Rf8 41. Kf1 Rfe8 42. Kg1 Rf8 43. Kf1 Rfe8 44. Kg1 fxe3 45. Rxe3 Rxe3 46. fxe3 Ng3 47. Kf2 Nh5 48. Kg1 Ng3 49. Kf2 Nh5 50. Kg1 Ng3 51. Kf2 Nh5 52. Kg1 Ng3 53. Kf2 Nh5 54. Kg1 Ng3 55. Kf2 Nh5 56. Kg1 Ng3 57. Kf2 Ne4+ 58. Kg1 Ng3 59. Kf2 Ne4+ 60. Ke2 Rf8 61. Kd3 Ra8 62. Ke2 Rf8 63. Kd3 Ra8 64. Ke2 Rf8 65. Kd3 h5 66. h4 Nd6 67. b3 Nf5 68. Re1 Nd6 69. Rb1 Nf5 70. Re1 Nd6 71. Rb1 Nf5 72. Re1 Nd6 73. Rb1 Nf5 74. Re1 Nd6 75. Rb1 Nf5 76. Re1 Nd6 77. Rb1 Nf5 78. Re1 Nd6 79. a4 Kg7 80. Rg1 Kg8 81. Re1 Kg7 82. Rg1 Ne4 83. Rb1 Kg8 84. Re1 Nd6 85. Rg1 Kg7 86. Rd1 Ne4 87. Rb1 Kg8 88. Re1 Nd6 89. Rg1 Kg7 90. Rd1 Ne4 91. Rb1 Kg8 92. Re1 Nd6 93. Rg1 Kg7 94. Rd1 Ne4 95. Rb1 Kg8 96. Re1 Nd6 97. Rg1 Kg7 98. Rd1 Ne4 99. Rb1 Kg8 100. Re1 Nd6 101. Rg1 Kg7 102. Rd1 Ne4 103. Rb1 Kg8 104. Re1 Nd6 105. Rg1 Kg7 106. Rd1 Ne4 107. Rb1 Kg8 108. Re1 Nd6 109. Rg1 Kg7 110. Rd1 Ne4 111. Rb1 Kg8 112. Re1 Nd6 113. Rg1 Kg7 114. Rd1 Ne4 115. Rb1 Kg8 116. Re1 Nd6 117. Rg1 Kg7 118. Rd1 Ne4 119. Rb1 Kf6 120. Re1 Kg7 121. Rb1 Kf6 122. Re1 Kg7 123. Rb1 Kf6 124. Re1 Kg7 125. Rb1 Kf6 126. Re1 Kg7 127. Rb1 Kf6 128. Re1 Kg7 129. Rb1 Kf6 130. Re1 Kg7 131. Rb1 Kf6 132. Re1 Kg7 133. Rb1 Kf6 134. Nd2 Kg7 135. Nf3 Kf6 136. Nd2 Kg7 137. Nf3 Kf6 138. Nd2 Ng3 139. Nf3 Ne4 140. Nd2 Ng3 141. b4 axb4 142. Rxb4 Ra8 143. Rb1 Rf8 144. Rb4 Ra8 145. e4 dxe4+ 146. Nxe4+ Nxe4 147. Kxe4 Re8+ 148. Kf4 Rd8 149. Ke4 Rd7 150. Kd3 Rd8 151. Ke4 Re8+ 152. Kf4 Rd8 153. Ke4 Rd7 154. Kd3 Rd8 155. Ke4 Re8+ 156. Kf4 Rd8 157. Ke4 Rd7 158. a5 g5 159. hxg5+ Kxg5 160. Rb6 Kf6 161. Rb4 Kg5 162. Rb6 1/2-1/2

[Event "Mumbai Wealth op 5th"]
[Site "Mumbai"]
[Date "2019.12.30"]
[Round "1"]
[White "Soham, Datar"]
[Black "Zysk, Robert"]
[Result "0-1"]
[WhiteElo "2145"]
[BlackElo "2403"]
[PlyCount "58"]
[EventDate "2019.12.30"]
[EventType "swiss"]
[EventRounds "9"]
[EventCountry "IND"]
[SourceTitle "CBM 194 Extra"]
[Source "ChessBase"]
[SourceDate "2020.03.31"]
[SourceVersion "1"]
[SourceVersionDate "2020.03.31"]
[SourceQuality "1"]

1. d4 Nf6 2. c4 e6 3. Nc3 Bb4 4. e3 0-0 5. Bd2 d5 6. a3 Be7 7. cxd5 exd5 8. Bd3 c5 9. Nge2 Nc6 10. 0-0 a6 11. Qc2 c4 12. Bf5 Bd6 13. f3 Re8 14. Rad1 Bc7 15. Ng3 g6 16. Bxc8 Rxc8 17. Bc1 b5 18. Qf2 Qd7 19. Kh1 h5 20. Nge2 b4 21. Na4 Nxd4 22. Nxd4 Qxa4 23. axb4 Qxb4 24. g4 Be5 25. gxh5 Nxh5 26. Rg1 Bg7 27. Ne2 Red8 28. Qg2 Qd6 29. Nd4 Rc6 0-1

[Event "Gujarat op 2nd"]
[Site "Ahmedabad"]
[Date "2019.09.25"]
[Round "5"]
[White "Kadam, Nikhil"]
[Black "Soham, Datar"]
[Result "0-1"]
[WhiteElo "1705"]
[BlackElo "2160"]
[PlyCount "49"]
[EventDate "2019.09.22"]
[EventType "swiss"]
[EventRounds "10"]
[EventCountry "IND"]
[SourceTitle "EXT 2020"]
[Source "ChessBase"]
[SourceDate "2019.10.17"]
[SourceVersion "1"]
[SourceVersionDate "2019.10.17"]
[SourceQuality "1"]

1. e4 c5 2. Nf3 d6 3. d4 cxd4 4. Nxd4 Nf6 5. Nc3 a6 6. h3 e6 7. Bg5 h6 8. Be3 Be7 9. Qe2 b5 10. a3 Bb7 11. 0-0-0 Nbd7 12. f4 Qc7 13. Bf2 0-0 14. Bh4 Rfe8 15. g4 Nxe4 16. Nxe4 Bxh4 17. Bg2 d5 18. Nc3 Qxf4+ 19. Kb1 Qf2 20. Rhf1 Qxe2 21. Ndxe2 Ne5 22. Nf4 Nc4 23. Rd3 Rac8 24. Ka2 Bg5 25. Nh5 0-1

[Event "Pardubice Czech op-A 30th"]
[Site "Pardubice"]
[Date "2019.07.23"]
[Round "5"]
[White "Horak, Martin"]
[Black "Soham, Datar"]
[Result "0-1"]
[WhiteElo "2254"]
[BlackElo "2129"]
[PlyCount "78"]
[EventDate "2019.07.19"]
[EventType "swiss"]
[EventRounds "9"]
[EventCountry "CZE"]
[SourceTitle "CBM 191"]
[Source "ChessBase"]
[SourceDate "2019.08.31"]
[SourceVersion "1"]
[SourceVersionDate "2019.08.31"]
[SourceQuality "1"]

1. e4 c5 2. Nf3 d6 3. d4 cxd4 4. Nxd4 Nf6 5. Nc3 a6 6. g3 e5 7. Nb3 b6 8. Bg2 Bb7 9. a4 Be7 10. 0-0 Nbd7 11. Re1 0-0 12. Nd2 Rc8 13. Nf1 Nc5 14. Bg5 Ncd7 15. Qe2 h6 16. Bd2 Qc7 17. Ne3 Rfe8 18. b3 Qb8 19. Rad1 Bf8 20. h3 Nc5 21. Nc4 b5 22. axb5 axb5 23. Na5 Ba8 24. b4 Ne6 25. Qd3 Nd4 26. Be3 d5 27. exd5 Bxb4 28. Nc6 Nxc6 29. dxc6 Bxc6 30. Bxc6 Rxc6 31. Bd2 Rd8 32. Qf3 Rcd6 33. Re2 Qc8 34. Rb1 Bxc3 35. Qxc3 Qxh3 36. Be1 e4 37. Rxb5 Rd5 38. Rd2 Rxd2 39. Bxd2 Qd7 0-1

[Event "Pardubice Czech op-A 30th"]
[Site "Pardubice"]
[Date "2019.07.22"]
[Round "4"]
[White "Soham, Datar"]
[Black "Najdin, Danil"]
[Result "0-1"]
[WhiteElo "2129"]
[BlackElo "2314"]
[PlyCount "106"]
[EventDate "2019.07.19"]
[EventType "swiss"]
[EventRounds "9"]
[EventCountry "CZE"]
[SourceTitle "CBM 191"]
[Source "ChessBase"]
[SourceDate "2019.08.31"]
[SourceVersion "1"]
[SourceVersionDate "2019.08.31"]
[SourceQuality "1"]

1. Nf3 Nf6 2. c4 g6 3. g3 Bg7 4. Bg2 0-0 5. 0-0 d6 6. d4 Nc6 7. Nc3 a6 8. d5 Na5 9. b3 c5 10. Bb2 Bd7 11. Nd2 b5 12. Qc2 Rb8 13. Rab1 h5 14. h3 Qc8 15. Kh2 e6 16. Nce4 Nxe4 17. Nxe4 exd5 18. Bxg7 Kxg7 19. Qc3+ f6 20. cxd5 Nb7 21. Nd2 Nd8 22. e4 Nf7 23. f4 b4 24. Qb2 Qc7 25. Rfe1 Rfe8 26. Re3 Re7 27. Rbe1 Rbe8 28. Bf3 Nh6 29. Nc4 Nf7 30. Bg2 Bb5 31. Bf3 Bxc4 32. bxc4 Rh8 33. g4 hxg4 34. Bxg4 Qd8 35. Rg1 Rh6 36. Bf5 Qe8 37. Reg3 Nh8 38. Qg2 Kh7 39. Be6 Rg7 40. Qb2 Qd8 41. e5 fxe5 42. fxe5 Rh5 43. exd6 Qxd6 44. Qf6 Rf7 45. Qb2 Rf4 46. Qc2 Rg5 47. Kh1 Rxg3 48. Rxg3 Qe5 49. Rg4 Rf3 50. Rg2 Qf4 51. Qe2 Rf1+ 52. Rg1 Rf2 53. Bg8+ Kh6 0-1